| 000 | 01424nam a2200277Ia 4500 | ||
|---|---|---|---|
| 005 | 20220317001401.0 | ||
| 008 | 161108s9999 xx 000 0 und d | ||
| 082 | 0 | 4 |
_a508 _bD35 |
| 245 | 1 | 0 |
_aDime ¿por qué? _hvideodisco digital |
| 250 | _a1a. edición | ||
| 300 | _a5 volúmenes | ||
| 500 | _aIdioma: inglés y español | ||
| 505 | _aDVD 1: El agua - El mar - La Tierra - El clima - El polo norte y el polo sur. -- DVD 2: Los insectos - Los animales - Los dinosaurios - Los fósiles - Hacer popó. -- DVD 3: Descubrimientos e inventos - Los ordenadores - La física | ||
| 650 | 1 | 4 |
_2LEMB _aNaturaleza _vVideodiscos _xPreguntas y respuestas |
| 650 | 1 | 4 |
_2LEMB _aInventos _vVideodiscos _xPreguntas y respuestas |
| 650 | 1 | 4 |
_2LEMB _aAnimales _vVideodiscos _xPreguntas y respuestas |
| 650 | 1 | 4 |
_2LEMB _aAstronomía _vVideodiscos _xPreguntas y respuestas |
| 650 | 1 | 4 |
_2LEMB _aDinosaurios _vVideodiscos _xHábitos y conducta |
| 740 | _aEl agua \\ El mar \\ La Tierra \\ EL clima \\ El polo norte y el polo sur \\ Los insectos \\ Los animales \\ Los dinosaurios \\ Los fósiles \\ hacer popó \\ Descubrimientos e inventos \\ Los ordenadores \\ La física \\ Los transportes \\ Las marismas \\ E | ||
| 942 |
_2ddc _cBK |
||
| 264 |
_aMadrid _bCrest Films |
||
| 336 |
_atexto _btxt _2rdacontent |
||
| 337 |
_asin mediación _bn _2rdamedia |
||
| 338 |
_avolumen _bnc _2rdacarrier |
||
| 040 |
_aCO-BoRNBP _bspa _erda _cCO-BoRNBP |
||
| 999 |
_c6806 _d6806 |
||